[Event "World Chess Olympiad 2018"]
[Site "Batumi"]
[Date "2018.09.26"]
[Round "3"]
[Board "2"]
[WhiteFideId "8602425"]
[White "Gong Qianyun"]
[BlackFideId "12303135"]
[Black "Thing Bibek"]
[Result "1-0"]
[LiveChessVersion "1.4.8"]
[BlackElo "2237"]
[WhiteElo "2321"]

1. e4 {[%clk 1:30:55]} c5 {[%clk 1:30:48]} 2. Nf3 {[%clk 1:31:19]} d6
{[%clk 1:31:09]} 3. c3 {[%clk 1:31:46]} Nf6 {[%clk 1:30:55]} 4. Be2
{[%clk 1:32:10]} g6 {[%clk 1:30:42]} 5. O-O {[%clk 1:32:31]} Bg7 {[%clk 1:30:47]}
6. Bb5+ {[%clk 1:32:51]} Bd7 {[%clk 1:30:02]} 7. Bxd7+ {[%clk 1:33:13]} Qxd7
{[%clk 1:28:09]} 8. Re1 {[%clk 1:33:13]} O-O {[%clk 1:28:16]} 9. d4
{[%clk 1:33:09]} Nc6 {[%clk 1:23:18]} 10. d5 Ne5 {[%clk 1:21:21]} 11. h3
{[%clk 1:12:36]} Nxf3+ {[%clk 1:19:06]} 12. Qxf3 {[%clk 1:12:59]} e5
{[%clk 1:18:43]} 13. dxe6 {[%clk 1:07:03]} Qxe6 {[%clk 1:12:52]} 14. Bg5
{[%clk 1:01:42]} Nd7 {[%clk 1:07:40]} 15. Na3 {[%clk 1:00:24]} Ne5
{[%clk 0:54:14]} 16. Qe2 {[%clk 1:00:43]} c4 {[%clk 0:46:15]} 17. Red1
{[%clk 0:58:43]} Rfc8 {[%clk 0:40:16]} 18. Rd5 {[%clk 0:50:18]} a6
{[%clk 0:37:04]} 19. Rad1 {[%clk 0:21:14]} Bf8 {[%clk 0:32:46]} 20. Nc2
{[%clk 0:20:34]} Nd3 {[%clk 0:31:16]} 21. Nd4 {[%clk 0:19:42]} Qe8
{[%clk 0:30:49]} 22. f3 {[%clk 0:19:54]} b5 {[%clk 0:26:33]} 23. b3
{[%clk 0:16:55]} Rab8 {[%clk 0:19:37]} 24. Be3 {[%clk 0:16:12]} Ne5
{[%clk 0:18:07]} 25. Qd2 {[%clk 0:15:46]} Nd3 {[%clk 0:17:08]} 26. a4
{[%clk 0:12:26]} bxa4 {[%clk 0:16:47]} 27. b4 {[%clk 0:12:21]} a5
{[%clk 0:12:42]} 28. Rxa5 {[%clk 0:10:20]} Ra8 {[%clk 0:13:05]} 29. Rd5
{[%clk 0:10:41]} a3 {[%clk 0:12:32]} 30. Ra1 {[%clk 0:11:08]} Qa4
{[%clk 0:08:17]} 31. Qa2 {[%clk 0:05:54]} Nb2 {[%clk 0:06:58]} 32. Nb5
{[%clk 0:04:06]} Qb3 {[%clk 0:05:36]} 33. Bd4 {[%clk 0:04:34]} Bg7
{[%clk 0:03:42]} 34. Bxg7 {[%clk 0:04:27]} Kxg7 {[%clk 0:04:01]} 35. Rd2
{[%clk 0:04:12]} Na4 {[%clk 0:02:54]} 36. Qxb3 {[%clk 0:03:21]} cxb3
{[%clk 0:03:23]} 37. Rxa3 {[%clk 0:03:43]} b2 {[%clk 0:03:34]} 38. Rb3
{[%clk 0:04:10]} Rab8 {[%clk 0:03:05]} 39. Na3 {[%clk 0:03:22]} Nxc3
{[%clk 0:02:24]} 40. Rbxb2 {[%clk 0:33:21]} Nb5 {[%clk 0:31:52]} 41. Nxb5
{[%clk 0:33:31]} Rxb5 {[%clk 0:32:21]} 42. Rxd6 {[%clk 0:33:56]} Rc4
{[%clk 0:32:30]} 43. Re2 {[%clk 0:33:13]} Rcxb4 {[%clk 0:32:11]} 44. e5
{[%clk 0:33:26]} Rb2 {[%clk 0:31:31]} 45. Re4 {[%clk 0:33:24]} Rb1+
{[%clk 0:30:04]} 46. Kh2 {[%clk 0:33:48]} R1b4 {[%clk 0:29:44]} 47. Rxb4
{[%clk 0:33:48]} Rxb4 {[%clk 0:30:12]} 48. Rd7 {[%clk 0:34:14]} Kg8
{[%clk 0:29:19]} 49. Kg3 {[%clk 0:34:40]} Rb2 {[%clk 0:28:46]} 50. f4
{[%clk 0:31:37]} h5 {[%clk 0:26:17]} 51. Rd3 {[%clk 0:30:22]} Kg7
{[%clk 0:24:06]} 52. Kf3 {[%clk 0:30:41]} Rb1 {[%clk 0:24:17]} 53. g3
{[%clk 0:30:36]} Rf1+ {[%clk 0:23:40]} 54. Kg2 {[%clk 0:30:59]} Rb1
{[%clk 0:23:54]} 55. g4 {[%clk 0:29:32]} hxg4 {[%clk 0:22:52]} 56. hxg4
{[%clk 0:29:59]} Rb4 {[%clk 0:18:02]} 57. Kg3 {[%clk 0:30:22]} Re4
{[%clk 0:18:01]} 58. Kf3 {[%clk 0:29:37]} Ra4 {[%clk 0:18:22]} 59. Rd7
{[%clk 0:27:10]} Ra3+ {[%clk 0:18:11]} 60. Ke4 {[%clk 0:27:37]} Ra4+
{[%clk 0:17:59]} 61. Rd4 {[%clk 0:28:01]} Ra1 {[%clk 0:17:45]} 62. f5
{[%clk 0:27:59]} gxf5+ {[%clk 0:16:54]} 63. gxf5 {[%clk 0:28:02]} Kf8
{[%clk 0:15:31]} 64. f6 {[%clk 0:27:19]} Ke8 {[%clk 0:15:16]} 65. Kf5
{[%clk 0:25:47]} Rf1+ {[%clk 0:15:21]} 66. Rf4 {[%clk 0:26:14]} Re1
{[%clk 0:15:11]} 67. Ra4 {[%clk 0:24:49]} Rf1+ {[%clk 0:15:28]} 68. Kg5
{[%clk 0:25:17]} Rg1+ {[%clk 0:15:38]} 69. Rg4 {[%clk 0:25:45]} Re1
{[%clk 0:15:51]} 70. Kh6 {[%clk 0:24:37]} Rh1+ {[%clk 0:14:17]} 71. Kg7
{[%clk 0:24:42]} Rf1 {[%clk 0:14:06]} 72. Kg8 {[%clk 0:24:19]} Rf5
{[%clk 0:12:25]} 73. Rg7 {[%clk 0:24:43]} Rxe5 {[%clk 0:12:27]} 74. Rxf7
{[%clk 0:25:10]} Rf5 {[%clk 0:12:24]} 75. Re7+ {[%clk 0:25:19]} Kd8
{[%clk 0:12:38]} 76. Kf7 {[%clk 0:25:42]} Rf1 {[%clk 0:11:51]} 77. Re4
{[%clk 0:26:06]} Rd1 {[%clk 0:11:22]} 78. Kf8 {[%clk 0:26:17]} Rd2
{[%clk 0:11:29]} 79. f7 {[%clk 0:26:44]} Kd7 {[%clk 0:11:32]} 80. Rg4
{[%clk 0:26:20]} 1-0

[Event "World Chess Olympiad 2018"]
[Site "Batumi"]
[Date "2018.09.26"]
[Round "3"]
[Board "3"]
[WhiteFideId "12300870"]
[White "Jaiswal Rupesh"]
[BlackFideId "5804167"]
[Black "Lee Qing Aun"]
[Result "0-1"]
[LiveChessVersion "1.4.8"]
[BlackElo "2297"]
[WhiteElo "2165"]

1. d4 {[%clk 1:30:56]} d5 {[%clk 1:29:56]} 2. Nf3 {[%clk 1:31:05]} Nf6
{[%clk 1:30:10]} 3. Bf4 {[%clk 1:31:08]} c5 {[%clk 1:30:12]} 4. e3
{[%clk 1:30:50]} Nc6 {[%clk 1:30:20]} 5. c3 {[%clk 1:30:50]} Qb6 {[%clk 1:30:16]}
6. Qb3 {[%clk 1:30:10]} c4 {[%clk 1:30:12]} 7. Qc2 {[%clk 1:30:39]} Bf5
{[%clk 1:30:01]} 8. Qc1 {[%clk 1:31:08]} e6 {[%clk 1:29:16]} 9. Nbd2
{[%clk 1:31:03]} Nh5 {[%clk 1:29:04]} 10. Nh4 {[%clk 1:25:40]} Nxf4
{[%clk 1:19:56]} 11. Nxf5 {[%clk 1:22:23]} exf5 {[%clk 1:19:49]} 12. exf4
{[%clk 1:22:38]} Bd6 {[%clk 1:19:35]} 13. g3 {[%clk 1:22:21]} O-O
{[%clk 1:19:30]} 14. Bg2 {[%clk 1:21:38]} Rfe8+ {[%clk 1:19:29]} 15. Kf1
{[%clk 1:21:42]} Nxd4 {[%clk 1:05:18]} 16. cxd4 {[%clk 1:17:46]} Qxd4
{[%clk 1:05:42]} 17. Qc3 {[%clk 1:16:57]} Qc5 {[%clk 1:02:55]} 18. Bf3
{[%clk 1:14:32]} Rac8 {[%clk 0:49:48]} 19. Kg2 {[%clk 1:10:03]} d4
{[%clk 0:44:17]} 20. Qc2 {[%clk 1:09:14]} b5 {[%clk 0:37:55]} 21. Rhe1
{[%clk 1:07:55]} Rxe1 {[%clk 0:36:57]} 22. Rxe1 {[%clk 1:08:07]} d3
{[%clk 0:36:04]} 23. Qc1 {[%clk 0:57:28]} h6 {[%clk 0:36:02]} 24. Nf1
{[%clk 0:49:24]} Qd4 {[%clk 0:30:01]} 25. Bb7 {[%clk 0:35:22]} Rc7
{[%clk 0:27:54]} 26. Bf3 {[%clk 0:34:00]} b4 {[%clk 0:25:03]} 27. Rd1
{[%clk 0:32:55]} c3 {[%clk 0:19:30]} 28. bxc3 {[%clk 0:30:42]} bxc3
{[%clk 0:19:29]} 29. Be2 {[%clk 0:24:12]} Qe4+ {[%clk 0:14:28]} 30. Bf3
{[%clk 0:24:09]} Qd4 {[%clk 0:14:58]} 31. Be2 {[%clk 0:23:12]} d2
{[%clk 0:07:58]} 32. Nxd2 {[%clk 0:21:59]} c2 {[%clk 0:07:57]} 33. Re1
{[%clk 0:17:32]} Bb4 {[%clk 0:06:09]} 34. Nb3 {[%clk 0:09:10]} Qe4+
{[%clk 0:06:32]} 35. f3 {[%clk 0:09:20]} Qe7 {[%clk 0:07:01]} 36. Kf1
{[%clk 0:09:01]} Bxe1 {[%clk 0:06:23]} 37. Kxe1 {[%clk 0:08:39]} Qb4+
{[%clk 0:06:43]} 38. Kf1 {[%clk 0:06:56]} Qc3 {[%clk 0:07:07]} 39. Kg2
{[%clk 0:06:06]} a5 {[%clk 0:05:22]} 40. Qa3 {[%clk 0:33:34]} Qe3 0-1

[Event "World Chess Olympiad 2018"]
[Site "Batumi"]
[Date "2018.09.26"]
[Round "3"]
[Board "4"]
[WhiteFideId "5804809"]
[White "Lee Jun Wei"]
[BlackFideId "12300403"]
[Black "Rajbhandari Rijendra"]
[Result "1/2-1/2"]
[LiveChessVersion "1.4.8"]
[BlackElo "1937"]
[WhiteElo "2134"]

1. d4 {[%clk 1:30:52]} Nf6 {[%clk 1:30:42]} 2. c4 {[%clk 1:31:04]} e6
{[%clk 1:30:51]} 3. Nf3 {[%clk 1:31:05]} Bb4+ {[%clk 1:30:23]} 4. Bd2
{[%clk 1:30:42]} Qe7 {[%clk 1:30:27]} 5. g3 {[%clk 1:30:03]} Nc6 {[%clk 1:30:21]}
6. Nc3 {[%clk 1:29:22]} O-O {[%clk 1:29:46]} 7. Bg2 {[%clk 1:27:08]} Bxc3
{[%clk 1:28:59]} 8. Bxc3 {[%clk 1:27:28]} Ne4 {[%clk 1:29:08]} 9. Rc1
{[%clk 1:26:53]} Nxc3 {[%clk 1:29:26]} 10. Rxc3 {[%clk 1:27:21]} d6
{[%clk 1:28:12]} 11. O-O {[%clk 1:25:39]} e5 {[%clk 1:26:34]} 12. d5
{[%clk 1:25:06]} Nb8 {[%clk 1:26:36]} 13. Qc2 {[%clk 1:04:14]} Nd7
{[%clk 1:13:37]} 14. b4 {[%clk 1:03:15]} b6 {[%clk 1:11:58]} 15. Nh4
{[%clk 0:56:50]} g6 {[%clk 0:59:51]} 16. c5 {[%clk 0:53:23]} Ba6 {[%clk 0:59:20]}
17. cxd6 {[%clk 0:45:12]} cxd6 {[%clk 0:59:14]} 18. Rc7 {[%clk 0:36:44]} Rfc8
{[%clk 0:51:03]} 19. Qc6 {[%clk 0:37:12]} Rxc7 {[%clk 0:48:13]} 20. Qxc7 Kf8
{[%clk 0:48:13]} 21. Qc6 {[%clk 0:26:41]} Rc8 {[%clk 0:42:08]} 22. Qa4
{[%clk 0:27:02]} Nb8 {[%clk 0:40:11]} 23. Re1 {[%clk 0:23:22]} Qc7
{[%clk 0:37:35]} 24. b5 {[%clk 0:18:17]} Qd7 {[%clk 0:37:08]} 25. Nf3
{[%clk 0:18:10]} Qxb5 {[%clk 0:28:08]} 26. Qh4 {[%clk 0:17:35]} Kg7
{[%clk 0:28:25]} 27. Ng5 {[%clk 0:07:16]} h6 {[%clk 0:16:47]} 28. Ne6+
{[%clk 0:02:18]} Kh7 {[%clk 0:17:10]} 29. Qf6 fxe6 {[%clk 0:16:02]} 30. Qf7+
{[%clk 0:01:08]} Kh8 {[%clk 0:16:21]} 31. Qf6+ {[%clk 0:01:36]} Kh7
{[%clk 0:16:43]} 32. Qf7+ {[%clk 0:02:03]} Kh8 {[%clk 0:17:10]} 33. Qf6+
{[%clk 0:02:31]} Kh7 1/2-1/2

[Event "World Chess Olympiad 2018"]
[Site "Batumi"]
[Date "2018.09.26"]
[Round "3"]
[Board "1"]
[WhiteFideId "3100197"]
[White "Almedina Ortiz Edgardo J."]
[BlackFideId "3600017"]
[Black "Matamoros Franco Carlos S."]
[Result "0-1"]
[LiveChessVersion "1.4.8"]
[BlackElo "2494"]
[WhiteElo "2216"]

1. Nf3 {[%clk 1:30:46]} Nf6 {[%clk 1:28:54]} 2. c4 {[%clk 1:30:40]} b6
{[%clk 1:28:04]} 3. g3 {[%clk 1:30:43]} Bb7 {[%clk 1:28:26]} 4. Bg2
{[%clk 1:30:55]} g6 {[%clk 1:28:27]} 5. O-O {[%clk 1:31:03]} Bg7 {[%clk 1:28:53]}
6. d4 {[%clk 1:30:11]} O-O {[%clk 1:29:02]} 7. Nc3 {[%clk 1:21:40]} Ne4
{[%clk 1:28:50]} 8. Bd2 {[%clk 1:21:46]} d6 {[%clk 1:19:02]} 9. Be1
{[%clk 1:17:14]} Nd7 {[%clk 1:01:02]} 10. Qd3 {[%clk 1:08:30]} Nef6
{[%clk 0:57:19]} 11. e4 {[%clk 0:43:08]} e5 {[%clk 0:56:10]} 12. d5
{[%clk 0:43:10]} c6 {[%clk 0:45:40]} 13. dxc6 {[%clk 0:27:16]} Nc5
{[%clk 0:45:43]} 14. Qe2 {[%clk 0:27:38]} Bxc6 {[%clk 0:46:07]} 15. Nh4
{[%clk 0:27:35]} Ne6 {[%clk 0:41:06]} 16. Bh3 {[%clk 0:21:31]} Nd4
{[%clk 0:38:45]} 17. Qd3 {[%clk 0:21:39]} Nd7 {[%clk 0:38:17]} 18. Bxd7
{[%clk 0:21:14]} Qxd7 {[%clk 0:38:27]} 19. f3 {[%clk 0:16:23]} f5
{[%clk 0:19:50]} 20. Bd2 {[%clk 0:15:43]} b5 {[%clk 0:14:08]} 21. cxb5
{[%clk 0:14:47]} Nxb5 {[%clk 0:14:29]} 22. Nxb5 {[%clk 0:14:53]} Bxb5
{[%clk 0:14:51]} 23. Qd5+ {[%clk 0:15:17]} Kh8 {[%clk 0:15:10]} 24. Rfc1
{[%clk 0:15:10]} fxe4 {[%clk 0:11:39]} 25. fxe4 {[%clk 0:15:05]} Ba6
{[%clk 0:07:49]} 26. Rc6 {[%clk 0:11:41]} Bb7 {[%clk 0:06:03]} 27. Rxd6
{[%clk 0:11:59]} Qc7 {[%clk 0:04:54]} 28. Ba5 {[%clk 0:07:26]} Qc8
{[%clk 0:04:52]} 29. Qd2 {[%clk 0:06:35]} Qc5+ {[%clk 0:05:12]} 30. Kh1
{[%clk 0:05:29]} Bxe4+ {[%clk 0:05:24]} 31. Ng2 {[%clk 0:05:48]} 0-1

[Event "World Chess Olympiad 2018"]
[Site "Batumi"]
[Date "2018.09.26"]
[Round "3"]
[Board "3"]
[WhiteFideId "3100715"]
[White "Diaz Montes Edwin"]
[BlackFideId "3618471"]
[Black "Noboa Kevin"]
[Result "1/2-1/2"]
[LiveChessVersion "1.4.8"]
[BlackElo "2256"]
[WhiteElo "2034"]

1. Nf3 {[%clk 1:30:53]} Nf6 {[%clk 1:30:48]} 2. c4 {[%clk 1:31:18]} c5
{[%clk 1:30:54]} 3. g3 {[%clk 1:31:12]} b6 {[%clk 1:31:12]} 4. Bg2
{[%clk 1:31:36]} Bb7 {[%clk 1:31:31]} 5. O-O {[%clk 1:31:59]} e6 {[%clk 1:30:31]}
6. b3 {[%clk 1:32:06]} d6 {[%clk 1:30:08]} 7. Bb2 {[%clk 1:32:18]} Be7
{[%clk 1:29:26]} 8. d3 {[%clk 1:27:49]} a6 {[%clk 1:29:07]} 9. Nc3
{[%clk 1:26:36]} O-O {[%clk 1:28:23]} 10. Rc1 {[%clk 1:24:36]} Qc7
{[%clk 1:26:32]} 11. Rc2 {[%clk 1:22:52]} Nc6 {[%clk 1:26:10]} 12. Qa1
{[%clk 1:23:07]} Nd4 {[%clk 1:22:27]} 13. Nxd4 {[%clk 1:20:19]} cxd4
{[%clk 1:22:32]} 14. Nd1 {[%clk 1:13:34]} Bxg2 {[%clk 1:21:49]} 15. Kxg2
{[%clk 1:14:01]} e5 {[%clk 1:22:11]} 16. e3 {[%clk 1:11:20]} Qb7+
{[%clk 1:19:47]} 17. Kg1 {[%clk 1:08:55]} dxe3 {[%clk 0:55:52]} 18. Nxe3
{[%clk 0:56:04]} Rfe8 {[%clk 0:53:01]} 19. d4 {[%clk 0:39:52]} Qe4
{[%clk 0:33:20]} 20. dxe5 {[%clk 0:31:46]} Ng4 {[%clk 0:32:45]} 21. Re2
{[%clk 0:29:36]} dxe5 {[%clk 0:31:27]} 22. Rfe1 {[%clk 0:28:06]} f6
{[%clk 0:24:55]} 23. Qd1 {[%clk 0:16:08]} Nxe3 {[%clk 0:23:43]} 24. Rxe3
{[%clk 0:16:30]} Qg6 {[%clk 0:22:53]} 25. Rd3 h5 {[%clk 0:19:40]} 26. Rd7
{[%clk 0:12:34]} Bc5 {[%clk 0:19:34]} 27. Qd5+ {[%clk 0:11:58]} Kh7
{[%clk 0:19:39]} 28. Rd1 {[%clk 0:12:00]} h4 {[%clk 0:18:38]} 29. Kg2
{[%clk 0:11:33]} Qf5 {[%clk 0:18:38]} 30. f3 {[%clk 0:10:36]} h3+
{[%clk 0:18:25]} 31. Kf1 {[%clk 0:10:15]} Kh8 {[%clk 0:13:41]} 32. Qe4
{[%clk 0:09:52]} Qh5 {[%clk 0:13:20]} 33. Bc3 {[%clk 0:08:32]} a5
{[%clk 0:13:25]} 34. g4 {[%clk 0:08:33]} Qh7 {[%clk 0:12:40]} 35. Qxh7+
{[%clk 0:08:29]} Kxh7 {[%clk 0:12:58]} 36. Rf7 {[%clk 0:07:55]} Rad8
{[%clk 0:13:01]} 37. Rdd7 {[%clk 0:08:18]} Rxd7 {[%clk 0:13:20]} 38. Rxd7
{[%clk 0:08:47]} Kg6 {[%clk 0:13:42]} 39. Ke2 {[%clk 0:08:53]} e4
{[%clk 0:13:35]} 40. Bd4 {[%clk 0:38:52]} exf3+ {[%clk 0:37:44]} 41. Kxf3
{[%clk 0:39:05]} Bxd4 {[%clk 0:32:24]} 42. Rxd4 {[%clk 0:39:27]} Re6
{[%clk 0:32:52]} 43. Rd5 {[%clk 0:34:09]} Kf7 {[%clk 0:33:15]} 44. c5
{[%clk 0:33:12]} b5 {[%clk 0:31:58]} 45. Rd7+ {[%clk 0:31:42]} Re7
{[%clk 0:31:55]} 46. Rxe7+ {[%clk 0:23:28]} Kxe7 {[%clk 0:32:24]} 47. a3
{[%clk 0:23:48]} b4 {[%clk 0:32:51]} 48. axb4 {[%clk 0:24:14]} axb4
{[%clk 0:33:20]} 49. Ke4 {[%clk 0:24:33]} Ke6 {[%clk 0:31:33]} 50. Kd4
{[%clk 0:22:48]} g6 {[%clk 0:31:48]} 51. Kc4 {[%clk 0:22:23]} f5 {[%clk 0:32:12]}
52. gxf5+ {[%clk 0:22:49]} gxf5 {[%clk 0:32:39]} 53. Kxb4 {[%clk 0:22:54]} Kd5
{[%clk 0:33:04]} 54. Kc3 {[%clk 0:22:42]} Kxc5 {[%clk 0:33:30]} 1/2-1/2

[Event "World Chess Olympiad 2018"]
[Site "Batumi"]
[Date "2018.09.26"]
[Round "3"]
[Board "4"]
[WhiteFideId "3600734"]
[White "Munoz Sanchez Miguel"]
[BlackFideId "3100030"]
[Black "Freyre Forest Jorge"]
[Result "1-0"]
[LiveChessVersion "1.4.8"]
[BlackElo "2016"]
[WhiteElo "2254"]

1. e4 {[%clk 1:30:53]} e6 {[%clk 1:30:53]} 2. d4 {[%clk 1:31:18]} d5
{[%clk 1:31:12]} 3. Nc3 {[%clk 1:31:45]} Bb4 {[%clk 1:31:31]} 4. e5
{[%clk 1:32:07]} Qd7 {[%clk 1:30:37]} 5. Qg4 {[%clk 1:32:32]} f5 {[%clk 1:27:04]}
6. Qg3 {[%clk 1:32:58]} b6 {[%clk 1:26:19]} 7. Nh3 {[%clk 1:33:18]} Ba6
{[%clk 1:23:42]} 8. Bxa6 {[%clk 1:23:14]} Nxa6 {[%clk 1:23:52]} 9. a3
{[%clk 1:23:30]} Bxc3+ {[%clk 1:19:05]} 10. bxc3 {[%clk 1:23:12]} c5
{[%clk 1:12:14]} 11. Nf4 {[%clk 1:19:59]} Kf7 {[%clk 1:03:53]} 12. Nh5
{[%clk 1:11:26]} g6 {[%clk 1:00:45]} 13. Nf4 {[%clk 1:10:30]} Nc7
{[%clk 0:37:44]} 14. h4 {[%clk 1:09:03]} Ne7 {[%clk 0:24:34]} 15. a4
{[%clk 0:55:39]} Rag8 {[%clk 0:21:31]} 16. a5 {[%clk 0:52:16]} h6
{[%clk 0:15:53]} 17. axb6 {[%clk 0:36:15]} axb6 {[%clk 0:16:18]} 18. O-O
{[%clk 0:33:31]} Ra8 {[%clk 0:13:41]} 19. Ba3 {[%clk 0:29:22]} Nb5
{[%clk 0:12:42]} 20. c4 {[%clk 0:24:36]} Nxd4 {[%clk 0:07:53]} 21. cxd5
{[%clk 0:24:48]} g5 {[%clk 0:07:31]} 22. hxg5 {[%clk 0:16:42]} Rag8
{[%clk 0:03:58]} 23. Rfd1 {[%clk 0:11:43]} Nxd5 {[%clk 0:02:20]} 24. g6+
{[%clk 0:12:08]} Ke8 {[%clk 0:01:54]} 25. Rxd4 {[%clk 0:12:22]} cxd4
{[%clk 0:01:33]} 26. Bd6 {[%clk 0:12:44]} Qc6 {[%clk 0:00:42]} 27. g7
{[%clk 0:10:37]} Nxf4 {[%clk 0:00:37]} 28. gxh8=Q {[%clk 0:10:57]} 1-0

[Event "World Chess Olympiad 2018"]
[Site "Batumi"]
[Date "2018.09.26"]
[Round "3"]
[Board "1"]
[WhiteFideId "10500103"]
[White "Pg Mohd Omar Ak Hira"]
[BlackFideId "1634852"]
[Black "Dragnev Valentin"]
[Result "0-1"]
[LiveChessVersion "1.4.8"]
[BlackElo "2508"]
[WhiteElo "2175"]

1. e4 {[%clk 1:30:33]} c6 {[%clk 1:30:54]} 2. d4 {[%clk 1:30:22]} d5
{[%clk 1:31:19]} 3. Nc3 {[%clk 1:29:07]} dxe4 {[%clk 1:31:43]} 4. Nxe4
{[%clk 1:29:34]} Nf6 {[%clk 1:32:06]} 5. Nxf6+ {[%clk 1:28:34]} exf6
{[%clk 1:32:30]} 6. c3 {[%clk 1:28:09]} Bd6 {[%clk 1:32:55]} 7. Bd3
{[%clk 1:27:44]} O-O {[%clk 1:33:17]} 8. Ne2 {[%clk 1:27:28]} Re8
{[%clk 1:33:34]} 9. O-O {[%clk 1:26:09]} Qc7 {[%clk 1:22:07]} 10. h3
{[%clk 1:18:45]} Nd7 {[%clk 1:19:36]} 11. Be3 {[%clk 1:10:34]} Nf8
{[%clk 1:15:40]} 12. c4 {[%clk 1:01:43]} f5 {[%clk 0:54:12]} 13. c5
{[%clk 0:45:38]} Be7 {[%clk 0:53:19]} 14. Bf4 {[%clk 0:40:51]} Qd8
{[%clk 0:50:18]} 15. Qc2 {[%clk 0:37:41]} g6 {[%clk 0:47:06]} 16. Rad1
{[%clk 0:33:02]} Be6 {[%clk 0:43:14]} 17. b4 {[%clk 0:28:04]} Nd7
{[%clk 0:39:27]} 18. b5 {[%clk 0:23:41]} Nf6 {[%clk 0:38:56]} 19. bxc6
{[%clk 0:20:28]} bxc6 {[%clk 0:38:46]} 20. Qa4 {[%clk 0:13:35]} Qd7
{[%clk 0:31:53]} 21. Nc3 {[%clk 0:13:28]} Rad8 {[%clk 0:22:01]} 22. Be2
{[%clk 0:10:47]} Nd5 {[%clk 0:18:46]} 23. Nxd5 {[%clk 0:10:27]} Bxd5
{[%clk 0:19:13]} 24. Bc4 {[%clk 0:09:03]} g5 {[%clk 0:15:12]} 25. Bc1
{[%clk 0:04:20]} Bxc4 {[%clk 0:14:43]} 26. Qxc4 {[%clk 0:04:49]} Bf6
{[%clk 0:15:05]} 27. Bb2 {[%clk 0:03:45]} Re4 {[%clk 0:12:18]} 28. Qa4
{[%clk 0:03:28]} f4 {[%clk 0:11:45]} 29. Rd3 {[%clk 0:02:37]} Rde8
{[%clk 0:10:09]} 30. Bc3 {[%clk 0:00:54]} Re2 {[%clk 0:05:58]} 31. Rfd1
{[%clk 0:00:57]} Qd5 {[%clk 0:06:07]} 32. a3 {[%clk 0:00:34]} R8e7
{[%clk 0:04:56]} 33. Bb4 {[%clk 0:00:32]} Rb2 {[%clk 0:04:19]} 34. Bc3
{[%clk 0:00:39]} Ra2 {[%clk 0:04:47]} 35. R3d2 {[%clk 0:00:42]} Rxd2
{[%clk 0:04:35]} 36. Rxd2 {[%clk 0:00:55]} f3 {[%clk 0:05:04]} 37. Qd1
{[%clk 0:00:32]} fxg2 {[%clk 0:05:21]} 38. Rd3 {[%clk 0:00:32]} Rb7
{[%clk 0:03:04]} 39. Rf3 {[%clk 0:00:32]} Rb1 {[%clk 0:00:57]} 40. Qxb1
{[%clk 0:30:57]} Qxf3 {[%clk 0:31:25]} 41. Qb8+ {[%clk 0:31:14]} Kg7
{[%clk 0:25:47]} 42. Qg3 {[%clk 0:30:49]} Qd5 {[%clk 0:19:15]} 43. Qxg2
{[%clk 0:28:12]} Qxg2+ {[%clk 0:17:22]} 44. Kxg2 {[%clk 0:28:41]} Kg6
{[%clk 0:17:40]} 45. Kf3 {[%clk 0:26:49]} Kf5 {[%clk 0:18:02]} 46. Ke3
{[%clk 0:26:23]} h5 {[%clk 0:09:38]} 47. Ba5 {[%clk 0:15:33]} Ke6
{[%clk 0:09:00]} 48. Ke4 {[%clk 0:12:18]} Be7 {[%clk 0:09:03]} 49. f3
{[%clk 0:10:06]} f5+ {[%clk 0:08:47]} 50. Kd3 {[%clk 0:09:44]} Kd5
{[%clk 0:09:00]} 51. Be1 {[%clk 0:08:34]} Bf6 {[%clk 0:05:05]} 52. Bf2
{[%clk 0:07:58]} g4 {[%clk 0:05:14]} 53. fxg4 {[%clk 0:07:26]} hxg4
{[%clk 0:05:33]} 54. hxg4 {[%clk 0:07:31]} fxg4 {[%clk 0:06:02]} 55. a4
{[%clk 0:06:16]} a5 {[%clk 0:05:18]} 56. Be3 {[%clk 0:05:17]} g3 {[%clk 0:04:59]}
57. Bg1 {[%clk 0:03:53]} Bg5 {[%clk 0:04:10]} 58. Kc3 {[%clk 0:03:52]} Ke4
{[%clk 0:04:26]} 59. Kc4 {[%clk 0:00:32]} Be3 {[%clk 0:04:39]} 60. Bxe3
{[%clk 0:00:50]} Kxe3 {[%clk 0:05:07]} 61. d5 {[%clk 0:00:57]} cxd5+
{[%clk 0:04:49]} 62. Kxd5 {[%clk 0:01:07]} g2 {[%clk 0:05:18]} 63. c6
{[%clk 0:01:09]} g1=Q {[%clk 0:05:44]} 64. c7 {[%clk 0:01:23]} Qg8+
{[%clk 0:06:06]} 65. Kc6 {[%clk 0:01:24]} Qc8 {[%clk 0:06:32]} 0-1